| 000 | 00803nam a2200265 a 4500 | ||
|---|---|---|---|
| 001 | 53936 | ||
| 003 | BD-RjUL | ||
| 005 | 20211209080040.0 | ||
| 008 | 161029s1979 enk||||| |||| 00| 0 eng d | ||
| 020 | _a0070528543 | ||
| 035 | _a(BD-RjUL)54058 | ||
| 040 |
_aBD-RjUL _beng _cBD-RjUL _dBD-RjUL |
||
| 041 | _aeng | ||
| 082 |
_223 _a658.5 _bIND 1979 |
||
| 245 | 1 | 0 |
_aIndustrial organization and management / _cJames L. Riggs, Lawrence L. Bethel and others |
| 250 | _a6th ed. | ||
| 260 |
_aNew York : _bMcgraw-hill book company, _c1979 |
||
| 300 |
_a[6], 610 p. : _bill. ; _c25 cm. |
||
| 500 | _aIncludes Index | ||
| 650 |
_aIndustrial organization _9161063 |
||
| 650 |
_aIndustrial management _9161064 |
||
| 700 |
_aRiggs, James L. _9161065 |
||
| 700 |
_aBethel, Lawrence L. _9161066 |
||
| 942 |
_2ddc _cBK |
||
| 999 |
_c53936 _d53936 |
||